00234nam a2200073 4500100002000000245010400020260002900124300000700153 aLafir,Radiyya.F aDetermination of Microbiologocal and Chemical Parameters of Fruits Juices and Carbonated Beverages. aRajagiriyabIchemcc2018 a42